<?xml version="1.0" encoding="UTF-8"?>
<record
    xmlns:xsi="http://www.w3.org/2001/XMLSchema-instance"
    xsi:schemaLocation="http://www.loc.gov/MARC21/slim http://www.loc.gov/standards/marcxml/schema/MARC21slim.xsd"
    xmlns="http://www.loc.gov/MARC21/slim">

  <leader>01583nam a22002297aa4500</leader>
  <datafield tag="952" ind1=" " ind2=" ">
    <subfield code="0">0</subfield>
    <subfield code="1">0</subfield>
    <subfield code="4">0</subfield>
    <subfield code="7">0</subfield>
    <subfield code="a">03</subfield>
    <subfield code="b">03</subfield>
    <subfield code="d">2015-11-09</subfield>
    <subfield code="l">1</subfield>
    <subfield code="o">TR89.7 A665 2014</subfield>
    <subfield code="p">03 008531</subfield>
    <subfield code="r">2017-02-21</subfield>
    <subfield code="s">2017-02-21</subfield>
    <subfield code="t">1</subfield>
    <subfield code="w">2015-11-09</subfield>
    <subfield code="y">LB</subfield>
  </datafield>
  <datafield tag="999" ind1=" " ind2=" ">
    <subfield code="c">98410</subfield>
    <subfield code="d">98410</subfield>
  </datafield>
  <controlfield tag="008">151109s2014    sp a|||| |||| 00| 0 mx  d</controlfield>
  <datafield tag="020" ind1=" " ind2=" ">
    <subfield code="a">9788426720757 (Marcombo)</subfield>
  </datafield>
  <datafield tag="020" ind1=" " ind2=" ">
    <subfield code="a">9786077077343 (Alfaomega)</subfield>
  </datafield>
  <datafield tag="050" ind1=" " ind2=" ">
    <subfield code="a">TR89.7 </subfield>
    <subfield code="b">A665 2014</subfield>
  </datafield>
  <datafield tag="245" ind1=" " ind2=" ">
    <subfield code="a">Aprender 3ds MAX 2014 Avanzado</subfield>
    <subfield code="b"> : con 100 ejercicios pr&#xE1;cticos</subfield>
  </datafield>
  <datafield tag="250" ind1=" " ind2=" ">
    <subfield code="a">1a. edici&#xF3;n</subfield>
  </datafield>
  <datafield tag="260" ind1=" " ind2=" ">
    <subfield code="a">Espa&#xF1;a</subfield>
    <subfield code="b"> : Marcombo</subfield>
    <subfield code="c">, 2014</subfield>
  </datafield>
  <datafield tag="260" ind1=" " ind2=" ">
    <subfield code="a">M&#xE9;xico</subfield>
    <subfield code="b"> : Alfaomega</subfield>
    <subfield code="c">, 2014</subfield>
  </datafield>
  <datafield tag="300" ind1=" " ind2=" ">
    <subfield code="a">213 p&#xE1;ginas</subfield>
    <subfield code="b"> : ilustraciones</subfield>
  </datafield>
  <datafield tag="505" ind1=" " ind2=" ">
    <subfield code="a">Conocer el acelerador de gr&#xE1;ficos Nitrous
Acceder al editor de materiales
Aplicar materiales a un objeto
Cambiar los par&#xE1;metros de un material est&#xE1;ndar
Crear materiales desde Slate Maetrial Editor
Guardar materiales 
Asignar un mapa 2D a un material
Utilizar mapas tridimencionales
Usar mapas de sustancias
Definir las repeticiones de un mapa
Aplicar materiales Multi/ Sub-Object
Simular objetos dibujados a mano
Crear efectos dibujados a mano
Crear efectos de degradado
Manipular las coordenadas de mapeado
Controlar la asignaci&#xF3;n de mapas sobre objetos 
Mapear splines
Trabajar con el flujo de trabajo Peel
Trabajar con el flujo de trabajo Relax
Pintar objetos con Viewport Canvas
Clonar con Wiwport Canvas
 </subfield>
  </datafield>
  <datafield tag="519" ind1=" " ind2=" ">
    <subfield code="a">Plan Flexible / </subfield>
    <subfield code="b">Dise&#xF1;o Gr&#xE1;fico / </subfield>
    <subfield code="c">Animaci&#xF3;n por Computadora (P15-1) /</subfield>
    <subfield code="d">(03 008531)
</subfield>
  </datafield>
  <datafield tag="630" ind1="1" ind2="4">
    <subfield code="a">3ds MAX (PROGRAMA PARA COMPUTADORA)</subfield>
    <subfield code="9">46192</subfield>
  </datafield>
  <datafield tag="650" ind1="2" ind2="0">
    <subfield code="a">ANIMACI&#xD3;N POR COMPUTADORA</subfield>
    <subfield code="v">MANUALES</subfield>
  </datafield>
  <datafield tag="710" ind1=" " ind2=" ">
    <subfield code="a">MEDIAactive</subfield>
    <subfield code="9">5155</subfield>
  </datafield>
  <datafield tag="942" ind1=" " ind2=" ">
    <subfield code="c">LB</subfield>
  </datafield>
</record>
